| 000 | nam a22 7a 4500 | ||
|---|---|---|---|
| 999 |
_c28425 _d28424 |
||
| 003 | OSt | ||
| 005 | 20170522120720.0 | ||
| 008 | 170522b xxu||||| |||| 00| 0 eng d | ||
| 040 |
_aMMU _beng _cMMU _dMMU |
||
| 050 | _aBJ1725.P76 1996 | ||
| 110 | _aAthabasca university. | ||
| 245 |
_aPhilosophy 333: _bprofessional ethics study guide/ _cAthabasca university. |
||
| 260 |
_aNew York: _bAthabasca university, _cc1996. |
||
| 300 | _a132p.; | ||
| 650 | _aphilosophy | ||
| 942 |
_2lcc _cLOAN LOAN |
||